Quizzes
Events
Quiz Creation
Community
Videos
Private Events
Remove Ads
Sign In
Join for FREE
Feedback
Dark Mode
Quiz Categories
Sports
Geography
Music
Movies
Television
Just For Fun
Miscellaneous
History
Literature
Language
Science
Gaming
Entertainment
Religion
Holiday
For Kids
Quiz Lab
Recent
Popular Today
Quiz Kudos Today
Editor Picks
Curator Picks
Quizzes by...
Day
Popularity
Type
Ratings
Length
Year
Community
Subscriptions
Recent Discussions
Orange Saloon
Badges
Playlists
Quests
Create
Leaderboards
Showdown
Live 5
Trivia Bingo
Activity
Puzzle Library
Sporcle Events
Private Events
Virtual Trivia
Globe League
Become a Host
Pub Owners
SporcleCon
Opinionation
Our Games
Videos
Blog
Mobile Apps
Partnerships
Remove Ads and Go Orange
Feedback
Science
Computer
Plants
Astronomy
Chemistry
Elements
Math
Animal
Physics
Anatomy
Biology
Geology
General Science
Science
Computer
Plants
Astronomy
Chemistry
Elements
Math
Animal
Physics
Anatomy
Biology
Geology
General Science
Random Quiz
Search Sporcle
×
Quiz Lab
Quiz Lab
Science
A-Z
Type in answers that appear in a list
Type in answers that appear in a list
Classic
Best Score? Go Orange.
Mr. Bizzarro's Regents Earth Science A-Z - Part II Stats
Can you name the Earth Science term that begins with each letter?
By
MrBiz
5m
26 Questions
106 Plays
106 Plays
106 Plays
Comments
Comments
Give Quiz Kudos
Give Quiz Kudos
-
- Ratings
hide this ad
Replay
Link that replays current quiz
Next Quiz
Link to next quiz in quiz playlist
You Got
0%
They Got
Avg Score
59%
Avg Friend Score
Upgrade to see
Score Distribution
Jump to the score distribution portion of the page
Score
0/26
Timer
05:00
0
Plays Today
hint
% Correct
Furthest planet from the Sun
Neptune
88.7%
Force responsible for all mass movement
Gravity
85.8%
Occurs when celestrial objects move into another's shadow
Eclipse
84.9%
Sediment build-
up at the mouth of a river
Delta
75.5%
Gas in the stratosphere that absorbs UV rays
Ozone
75.5%
The daily rise and fall of ocean waters due to the gravitational pull of the moon (and to a lesser degree, the sun).
Tides
75.5%
Largest Sediment Size
Boulder
70.8%
Mineral that fizzes with acid
Calcite
68.9%
The angular distance east or west of the Prime Meridian
Longitude
68.9%
Hot spot in Wyoming causing more geysers than anywhere else in the world
Yellowstone
68.9%
Sun-
centered model of our Solar System
Heliocentric
67%
Heat transfer through empty space
Radiation
67%
When the lit portion of the moon is getting larger
Waxing
61.3%
hint
% Correct
A bend in a river or stream
Meander
60.4%
Unit of wind speed equal to about 1.15 miles per hour
Knot
58.5%
Allows water to flow through it
Permeable
57.5%
Moon phase during moderate (neap) tides
Quarter
57.5%
Planets that are gas giants such as Jupiter and Saturn
Jovian
50.9%
A large body of air with similar temperature and humidity throughout
Air Mass
48.1%
Igneous rock that forms from quickly cooling lava, above Earth's surface
Extrusive
46.2%
Scratched and grooves in the bedrock created by a glacier
Striations
45.3%
A device which provides evidence that the Earth rotates
Foucault Pendulum
40.6%
A gap in the rock record due to weathering and erosion
Unconformity
39.6%
Widespread organism that existed for a short period of time
Index Fossil
34.9%
A small air pocket or cavity formed in volcanic rock during solidification
Vesicle
31.1%
The area directly below the water table and above the impermeable bedrock
Zone of Saturation
23.6%
Quiz Playlist
Details
Report
Send in Message
Add To Playlist
Classic:
Type in answers that appear in a list
Last Updated: Feb 16, 2017
Quiz Scoreboard
CHALLENGE
Sign Up to Join the Scoreboard
Show All
Scores
Hide
Comments
May contain spoilers
Recently Published
Movies - When Are They Set?
by FPL_Elf
Movies
5m
Popular People in 1961
by mucciniale
History
6m
1-10 Letter E Words III
by El_Dandy
Language
2m
More to Explore
Quiz From the Vault
Featured Blog Post
Where Did the Easter Bunny Come From?
hide this ad
You Might Also Like...
Tags
A-Z
earth
Extra
Today's Top Quizzes in Science
Browse Science
hide this ad
Today's Top Quizzes in A-Z
Browse A-Z
Top Contributed Quizzes in Science
1
Quick Pick: 'CI-CJ' Animals
2
One Thing in Common: Science
3
One Thing in Common: Science III
4
Elements In Images
5
Quick Pick: Radians
6
Sporcle Puzzle Hunt: Science
7
Square Numbers Scrambled (1-50)
8
One Thing in Common: Science II
9
Glycolysis
10
1 to 50
Explore More
Trending Topics
Marvel
Harry Potter
Anime
Disney
Kpop
NBA
Crossword
Country
NFL
WWE
Pokémon
Puzzle
Soccer
Song
The Office
hide this ad
More By:
MrBiz
Quiz
Plays
Rating
Category
Featured
Created
Mr. Bizzarro's Regents Earth Science A to Z
143
5.00
Science
Jun 9, 2011
Mr. Bizzarro's Regents Earth Science Grab Bag
125
Science
Jun 10, 2011
Mr. Bizzarro's Regents Earth Science A-Z - Part II
106
3.00
Science
Jun 9, 2011
Mr. Bizzarro's Regents Earth Science A-Z - Difficult
95
5.00
Science
Jun 12, 2011
Mr. Bizzarro's Regents Earth Science Challenge
77
Science
Jun 8, 2011
Go to Creator's Profile
Score Distribution
Quiz Creator Spotlight
MrBiz
Follow
Send a Message
Quizzes Created
-
Created Quiz Play Count
-
More By This Creator
Popular Quizzes Today
1
Find the Countries of Europe - No Outlines Minefield
2
Find the US States - No Outlines Minefield
3
The Countries of the World
4
Popular People in 1961
5
US States
6
1-10 Letter E Words III
7
Find the US States
8
One Thing in Common: World Cities II
More Science Quizzes
Match the Bacterial Genus and Species
Quiz Lab
Trending Quizzes
Risky Map Clicking: Least Populous States A-Z
1-10 Letter F Words
1-10 Letter G Words
One Thing in Common: United Kingdom
Risky Map Clicking: Next State Alphabetically
Recently Updated
Leaping Animals
pecheneg
Reality TV Shows (A-Z)
bhenderson79
Rickey Henderson's Hall of Fame Teammates
pecheneg
Champions League XIs: Arsenal
pecheneg
Quick Pick: Celebrities in WWE's Hall of Fame
aduchscher
A-Z Keypad Blitz II
pecheneg
Multiple Oscar Actors
pecheneg
Mystery Phrase Blitz: Oscar 'Best Actors'
pecheneg
F. Scott Fitzgerald Novels
LTH
Pick 3 Villains
ddd62291
Trending Topics
Crossword
Anime
Harry Potter
NBA
Marvel
Kpop
Disney
NFL
WWE
Country
The Office
Song
Puzzle
Soccer
Pokémon
Your Account Isn't Verified!
In order to create a playlist on Sporcle, you need to verify the email address you used during registration. Go to your
Sporcle Settings
to finish the process.
Report this User
Report this user for behavior that violates our
Community Guidelines
.
Details:
Send Report
Go to the Sporcle.com Mobile Site →
Comments